ARRUPE JESUIT UNIVERSITY

CORONAVIRUS -STOP THE SPREAD - CLEAN,DISINFECT,COVER

Logic, methodology and philosophy of science III; (Record no. 123416)

MARC details
000 -LEADER
fixed length control field 01309cam a2200325 4500
001 - CONTROL NUMBER
control field 287920
003 - CONTROL NUMBER IDENTIFIER
control field ARRUPE
005 - DATE AND TIME OF LATEST TRANSACTION
control field 20150923082637.0
008 - FIXED-LENGTH DATA ELEMENTS--GENERAL INFORMATION
fixed length control field 690815s1968 ne a b 101 0 eng
010 ## - LIBRARY OF CONGRESS CONTROL NUMBER
LC control number 68029768
015 ## - NATIONAL BIBLIOGRAPHY NUMBER
National bibliography number Ne68-47
040 ## - CATALOGING SOURCE
Original cataloging agency DLC
Transcribing agency DLC
Modifying agency ICU
-- DLC
050 00 - LIBRARY OF CONGRESS CALL NUMBER
Classification number Q174
Item number .I535 1967
082 00 - DEWEY DECIMAL CLASSIFICATION NUMBER
Classification number 501
300 ## - PHYSICAL DESCRIPTION
Other physical details illus.
Dimensions 23 cm.
100 ## - MAIN ENTRY--PERSONAL NAME
Personal name Rootselaar, B. van
9 (RLIN) 19892
111 2# - MAIN ENTRY--MEETING NAME
Meeting name or jurisdiction name as entry element International Congress for Logic, Methodology, and Philosophy of Science
Number of part/section/meeting (3rd :
Date of meeting 1967 :
Location of meeting Amsterdam, Netherlands)
9 (RLIN) 19893
245 10 - TITLE STATEMENT
Title Logic, methodology and philosophy of science III;
Remainder of title proceedings of the Third International Congress for Logic, Methodology and Philosophy of Science, Amsterdam 1967;
Statement of responsibility, etc edited by B. Van Rootselaar and J. F. Staal.
260 ## - PUBLICATION, DISTRIBUTION, ETC. (IMPRINT)
Place of publication, distribution, etc Amsterdam,
Name of publisher, distributor, etc North-Holland Pub. Co.,
Date of publication, distribution, etc 1968.
300 ## - PHYSICAL DESCRIPTION
Extent xii, 553 p.
350 ## - PRICE (NR) (BK AM CF MU VM SE) [OBSOLETE]
Price 80.00
440 #0 - SERIES STATEMENT/ADDED ENTRY--TITLE
Title Studies in logic and the foundations of mathematics
9 (RLIN) 8089
504 ## - BIBLIOGRAPHY, ETC. NOTE
Bibliography, etc Includes bibliographies.
650 #0 - SUBJECT ADDED ENTRY--TOPICAL TERM
Topical term or geographic name as entry element Science
General subdivision Methodology.
9 (RLIN) 19894
650 #0 - SUBJECT ADDED ENTRY--TOPICAL TERM
Topical term or geographic name as entry element Science
General subdivision Philosophy.
9 (RLIN) 19895
650 #0 - SUBJECT ADDED ENTRY--TOPICAL TERM
Topical term or geographic name as entry element Logic, symbolic and mathematical
Source of heading or term congresses
9 (RLIN) 19896
700 1# - ADDED ENTRY--PERSONAL NAME
Personal name Rootselaar, B. van
Fuller form of name (Bob),
Relator term ed.
9 (RLIN) 19897
700 1# - ADDED ENTRY--PERSONAL NAME
Personal name Staal, Frits.
9 (RLIN) 19898
Relator term ed.
906 ## - LOCAL DATA ELEMENT F, LDF (RLIN)
a 7
b cbc
c orignew
d u
e ncip
f 19
g y-gencatlg
942 ## - ADDED ENTRY ELEMENTS (KOHA)
Source of classification or shelving scheme Library of Congress Classification
Koha item type Monograph ( Printed materials)
Holdings
Withdrawn status Lost status Source of classification or shelving scheme Damaged status Not for loan Collection code Home library Current library Shelving location Date acquired Total Checkouts Full call number Barcode Date last seen Price effective from Koha item type
    Library of Congress Classification     Main Collection ARRUPE LIBRARY ARRUPE LIBRARY Main Collection 14/09/2015   Q174.I535 1967 46500005380 03/07/2019 14/09/2015 Monograph ( Printed materials)

 

Arrupe Library. PO Box MP320 Mt Pleasant, Harare, Zimbabwe
263 242 745411|librarian@aju.ac.zw